Yaptıklarım yazdıklarım (Record no. 10579)

MARC details
000 -BAŞLIK
Sabit Uzunlukta Kontrol Alanı 00740na a2200253 4500
001 - KONTROL NUMARASI
Denetim Alanı 24012
003 - KONTROL NUMARASI IDENTIFIER
Denetim Alanı MIRAKIL
005 - SON İŞLEM TARİHİ VE ZAMANI
Denetim Alanı 20181213155326.0
008 - SABİT-BOY VERİ ELEMANLARI - GENEL BİLGİLER
Sabit Uzunlukta Kontrol Alanı 180219b tu 000 0
020 ## - ULUSLARARASI STANDART KİTAP NUMARASI
Uluslararası Standart Kitap Numarası 9786059331708
040 ## - KATALOGLAMA KAYNAK
Orijinal Kataloglama Ajansı Milas
Kataloglama Dili tur
Metne Dönüştürmek Ajansı TR-AnCHP
041 ## - DİL KODU
Metin / Ses Parça Veya Ayrı Başlığın Dil Kodu tur
082 ## - DEWEY ONLU SINIFLANDIRMA NUMARASI
Sınıflandırma Numarası 923.2 Salman, V.
Ürün Numarası S24y 2017
090 ## - SINIFLAMA NUMARASI
Sınıflama Numarası 923.2 Salman,V. S24y 2017
100 ## - ANA GİRİŞ - KİŞİSEL İSİM
Kişisel Ad Salman, Vefa
245 ## - BAŞLIK TABLOSU
Başlık Yaptıklarım yazdıklarım
Sorumluluk Tablosu, Vb Vefa Salman
260 ## - YAYIN, DAĞITIM, VB
Yayın, Dağıtım, Vb Yeri İstanbul
Yayıncı, Dağıtıcı, Vs Adı Asi Kitap
Yayın, Dağıtım, Vb Tarihi 2017
Üretici Firma Barış matbaacılık
300 ## - FİZİKSEL TANIM
Kapsam 192 s.
Diğer Fiziksel Ayrıntıları fotğ.
Boyutlar 21 sm.
440 ## - SERİSİ TABLOSU / KATMA GİRİŞİ - BAŞLIK
Başlık Asi kitap
Hacim / Ardışık Tanımı 53
490 ## - SERİSİ TABLOSU
Seri Beyanı Anı
Hacim / Ardışık Tanımı 01
500 ## - GENEL NOT
Genel Not Yapıt yazarından imzalıdır.
600 ## - KONU KATMA GİRİŞ - KURUMSAL ADI
Kişisel Ad Salman, Vefa
Başlıklar Ve Bir Adla İlişkili Diğer Kelimeler Yalova Belediye Başkanı
Bir Adıyla İlişkilendirilen Tarihler 1965-
Genel Alt Bölümü Anılar
942 ## - EKLENDİ GİRİŞ ELEMANLARI (KOHA)
Sınıflandırma Veya Raf Düzeni Kaynak Dewey Decimal Classification
Koha Öğesi Türü Books
999 ## - SİSTEM KONTROL NUMARALARI (KOHA)
Koha Biblionumber 10579
Koha Biblioitemnumber 10579
Holdings
Kalıcı Konum Mevcut Konum Edinme Tarihi Edinim Kaynak Toplam Check-Out'Lar Tam Çağrı Numarası Barkod Tarih Son Görülme İtibaren Geçerli Fiyatlar Koha Öğesi Türü
CHP Kütüphanesi CHP Kütüphanesi 02/19/2018 Bağış   923.2 Salman,V. S24y 2017 018033 02/19/2018 02/19/2018 Books
CHP Kütüphanesi CHP Kütüphanesi 02/27/2024     923.2 Salman, V. S24y 2017 21163 02/27/2024 02/27/2024 Books